书目信息 |
| 书名: | Furniture Design Now | |
| 作者: | Gu, Yaodong. | |
| 分册号: | ||
| 分册名: | 出版地: |
|
| 出版社: | Hong Kong, China : Artpower | |
| 出版时间: | 2016. | |
| 页数: | 287 p. ; | |
| 开本: | 30cm. | |
| 丛书名: | ||
| 中图分类号: | ||
| 科图分类号: | ||
| 其他分类号: | J535.3 | |
| 主题词: | ||
| 电子资源: | ||
| 000 | 00458nam 2200169 a 4500 | |
| 001 | E1757841473 | |
| 005 | 20171201160540.38 | |
| 008 | 171201s2016 00010 eng | |
| 020 | @a978-988-12-6437-4 :@cCNY580.00. | |
| 040 | @aPFT@beng | |
| 093 | @aJ535.3 | |
| 099 | @dJ535.3@eG606 | |
| 245 | @aFurniture Design Now / @cGu, Yaodong. | |
| 260 | @bHong Kong, China : Artpower,@c2016. | |
| 300 | @a287 p. ;@c30cm. | |
| 650 | 0 | @a工艺美术@x世界 |
| 650 | 0 | @a工艺美术@y各国 |
| Furniture Design Now / / Gu, Yaodong.-Hong Kong, China : Artpower, , 2016. |
| 287 p. ; ; 30cm. |
| ISBN 978-988-12-6437-4 :CNY580.00. |
| ● |
| 相关链接 |
|
|
|
正题名:Furniture Design Now
索取号:J535.3/G606
 
预约/预借
| 序号 | 登录号 | 条形码 | 馆藏地/架位号 | 状态 | 备注 |
| 1 | 0015887 | 300158870 | 艺术设计学院资料室/ [索取号:J535.3/G606] | 在馆 |